000 00905cac a2200253 a 4500
003 Co-PeBPM
005 20240426161734.0
007 ta
008 231129s1993||||ck a||||||||||||| ||spa||
040 _aCo-PeBPM
_bspa
_cCo-PeBPM
_eda
041 _aspa
082 _a001.642 G633i
_222
100 _aGomez Gomez, Carlos Hernan
_eautor
245 0 _aInformatice en la administración pública
_c/ Carlos Hernán Gómez Gómez
260 _aBogotá, Colombia
_b: Escuela Superior de Administración Pública, ESAP,
_c1993
300 _a240 páginas
_bilustraciones en blanco y negro
_c24 centímetros
500 _aIncluye índice y anexos
504 _aIncluye bibliografía
650 1 0 _aInformática
_2Lemb
650 1 0 _aAdministración Pública
_2Lemb
650 _a Administración pública
_v Procesamiento de datos
_2Lemb
942 _2ddc
_cBK
999 _c15665
_d15665